01423nam a2200313 a 450000100100000000500170001000800410002702000240006804000250009208200110011724501730012825000120030126000400031330000330035349000260038650000320041250000650044450500260050959000260053570000380056170000340059970000330063371000570066683000330072395201140075695201080087095201140097899900170109200004719820201002053435.0180417s2017 dr abc 000 0 spa d a9789945195446 (v.1) aDO-SdBNPbspacBNPHU axxbxx00aCiencias de la naturaleza 4 :beducacion primaria /ctexto Ángela Segura de Óleo... [et. al] ; ilustración Ruddy Núñez ; dirección editorial Claudia Llibre. a2a. ed. aSanto Domingo :bSantillana,c2017. av. :bil. ;c29 cm.+eCD-ROM1 aProyecto todos juntos aLa biblioteca posee el v. 1 aActualización según el nuevo diseño curricular oficial0 av.1 :tLibro de texto aInventariado, 2018/VM1 aSegura de Óleo, Ángela9748791 aNúñez, Ruddyeils.9231711 aLlibre, Claudiaedir.9304622 aEditorial Santillana (República Dominicana)97490200aProyecto todos juntos930856 0011718PDaGRbGRcMId2018-04-24iLF1l0ov. 1, e. 3p47198-30r2020-06-25w2020-06-25yLFPDZNo se presta 0010718PDaPDbPDcHDd2018-04-24iLF1l0ov. 1p47198-10r2020-06-25w2020-06-25yLFPDZNo se presta 0011718PDaPDbPDcMId2018-04-24iLF1l0ov. 1, e. 2p47198-20r2020-06-25w2020-06-25yLFPDZNo se presta c46686d46686